| 000 | 00510nam a2200205Ia 4500 | ||
|---|---|---|---|
| 003 | 0100 | ||
| 008 | 130307s9999 xx 000 0 und d | ||
| 040 | _cARRUPELIB | ||
| 050 | _aBD396.L4313 1969 | ||
| 100 | _aLevinas, Emmanuel | ||
| 245 | _aTotality and infinity | ||
| 245 | _ban essay on exteriority | ||
| 260 | _aPittsburgh | ||
| 260 | _bDuquesne University Press | ||
| 300 | _a307p. | ||
| 300 | _b23cm. | ||
| 440 | _aDuquesne studies - Philosophical series | ||
| 650 | _aPHILOSOPHY | ||
| 942 | 0 | 0 | _07 |
| 999 |
_c92843 _d92843 |
||